Real world writing and the english curriculum (Record no. 75688)
[ view plain ]
| 000 -CABECERA | |
|---|---|
| campo de control de longitud fija | 00542nam a2200193 a 4500 |
| 005 - FECHA Y HORA DE LA ÚLTIMA TRANSACCIÓN | |
| campo de control | 20210219153405.0 |
| 008 - ELEMENTOS DE LONGITUD FIJA--INFORMACIÓN GENERAL | |
| campo de control de longitud fija | 991125n 000 0 u |
| 035 ## - NÚMERO DE CONTROL DEL SISTEMA | |
| Número de control de sistema | UPN01000095841 |
| 100 ## - ASIENTO PRINCIPAL--NOMBRE PERSONAL | |
| Nombre de persona | Mansfield, Margaret A. |
| 222 ## - TÍTULO CLAVE | |
| Título clave | COLLEGE COMPOSITION AND COMMUNICATION |
| 245 ## - MENCIÓN DE TÍTULO | |
| Título | Real world writing and the english curriculum |
| 300 ## - DESCRIPCIÓN FÍSICA | |
| Extensión | 69-83 |
| 362 ## - FECHAS DE PUBLICACIÓN Y/O DESIGNACIÓN SECUENCIAL | |
| Fecha de publicación y/o designación secuencial | 44, No. 1, 1993 |
| 505 ## - NOTA DE CONTENIDO CON FORMATO PREESTABLECIDO | |
| Nota de contenido con formato | Julio 1993 |
| 653 0# - TERMINO DE INDIZACION - NO CONTROLADO | |
| Término no controlado | ESCRITURA (COMPOSICION) |
| 653 0# - TERMINO DE INDIZACION - NO CONTROLADO | |
| Término no controlado | INSTRUCCION PARA LA ESCRITURA |
| 904 ## - ELEMENTOS DE DATOS D LOCAL, LDD (RLIN) | |
| a | AC |
| b | 033652 |
| 905 ## - TIPO DE MATERIAL | |
| Tipo de material | Articulo |
No items available.
